Risk and return analysis of equity mid cap mutual funds with special reference to econo broking pvt ltd / (Record no. 231775)
[ view plain ]
| 000 -LEADER | |
|---|---|
| fixed length control field | 00757nam a22001937a 4500 |
| 003 - CONTROL NUMBER IDENTIFIER | |
| control field | OSt |
| 005 - DATE AND TIME OF LATEST TRANSACTION | |
| control field | 20240906143910.0 |
| 008 - FIXED-LENGTH DATA ELEMENTS--GENERAL INFORMATION | |
| fixed length control field | 240906b ||||| |||| 00| 0 eng d |
| 040 ## - CATALOGING SOURCE | |
| Transcribing agency | AIMIT LIBRARY |
| 100 ## - MAIN ENTRY--PERSONAL NAME | |
| Personal name | H G Samoditha. |
| Relator term | 2216171 |
| 9 (RLIN) | 178904 |
| 245 ## - TITLE STATEMENT | |
| Title | Risk and return analysis of equity mid cap mutual funds with special reference to econo broking pvt ltd / |
| Statement of responsibility, etc. | By Samoditha H G ; Guided by Justine James. |
| 260 ## - PUBLICATION, DISTRIBUTION, ETC. | |
| Place of publication, distribution, etc. | Mangalore ; |
| Date of publication, distribution, etc. | 2024. |
| 650 ## - SUBJECT ADDED ENTRY--TOPICAL TERM | |
| Topical term or geographic name entry element | Industry profile company profile and introduction of the study |
| 9 (RLIN) | 178905 |
| 650 ## - SUBJECT ADDED ENTRY--TOPICAL TERM | |
| Topical term or geographic name entry element | Research methodology |
| 9 (RLIN) | 178906 |
| 650 ## - SUBJECT ADDED ENTRY--TOPICAL TERM | |
| Topical term or geographic name entry element | Data analysis and interpretation |
| 9 (RLIN) | 178907 |
| 700 ## - ADDED ENTRY--PERSONAL NAME | |
| Personal name | James, Justine. |
| Relator term | Guide |
| 9 (RLIN) | 178908 |
| 856 ## - ELECTRONIC LOCATION AND ACCESS | |
| Materials specified | Econo Broking Pvt ltd. |
| Uniform Resource Identifier | <a href="www.econobroking.com">www.econobroking.com</a> |
| 942 ## - ADDED ENTRY ELEMENTS (KOHA) | |
| Source of classification or shelving scheme | Dewey Decimal Classification |
| Koha item type | Project Report |
| Withdrawn status | Lost status | Source of classification or shelving scheme | Damaged status | Not for loan | Collection code | Home library | Current library | Shelving location | Date acquired | Total Checkouts | Barcode | Date last seen | Copy number | Uniform Resource Identifier | Price effective from | Koha item type |
|---|---|---|---|---|---|---|---|---|---|---|---|---|---|---|---|---|
| Dewey Decimal Classification | Not for loan | Project Report MBA | St Aloysius Institute of Management & Information Technology | St Aloysius Institute of Management & Information Technology | Dissertations | 09/06/2024 | PRB02383 | 09/06/2024 | 2216171 | www.econobroking.com | 09/06/2024 | Project Report |